000 00199 a2200097 4500
001 43174
100 _aWilsan
245 _aShores of light
260 _aLondon
_bW H allen
_c
090 _c27020
_d27020
942 _aNUST-CAE
_cM
_c18915
999 _c278247
_d278247